Roudničtí Lobkovicové a pobělohorské konfiskace
| Titel: | Roudničtí Lobkovicové a pobělohorské konfiskace |
|---|---|
| Verfasser: | |
| Körperschaft: | |
| In: |
Porta Bohemica, Band 3 (2005), Seite 72-85 alle Artikel anzeigen |
| Veröffentlicht: | 2005 |
| Format: | Aufsatz |
| Sprache: | Tschechisch |
X
alg: 39348101 001A $01999:12-11-16 001B $03025:12-02-26 $t17:47:05.000 001D $01999:12-11-16 001U $0utf8 001X $00 002@ $0Aox 003@ $0393481018 007A $0393481018 $aHEB 007T $0Herdpp098065 010@ $acze 011@ $a2005 021A $aRoudničtí Lobkovicové a pobělohorské konfiskace 028A $aMarek $dPavel 029F $aps-2005-0019921 031A $d3 $h72-85 $j2005 037A $aRés. angl. s. 84-85: Property Confiscations after the White Mountain Battle and the Lobkovic Family of Roudnice 039B $aIn $8--Abvc--. Porta Bohemica. - Litoměřice : Státní oblastní archiv v Litoměřicích, 2001-2021 $x200500000030000928 $9110372816 044K $#Lobkowicz$7119531402 $8$PLobkowitz$lFamilie [Tp1] $9087871009 044K $RRaudnitz an der Elbe $#Roudnice Labe $#Raudnitz an der Elbe $71037799259 $8Roudnice nad Labem [Tg1] $9326724885 045T $aOST $qDE-12 $2FID lok: 39348101 78 exp: 39348101 78 1 #EPN 201B/01 $006-12-25 $t19:18:53.000 201U/01 $0utf8 203@/01 $0789591456 208@/01 $a12-11-16 $be 209A/01 $a/ $f000 $x00 220C/01 $aHerkunft: Hú Av Čr Praha 244Z/01 $#Tschechien $#Tschechische Republik $#Tschechien $#Tschechische Republik $#Tschechenland $#Tschechei Tschechien $#Česká Republika $#Czech Republic $#ČR $74303381-7 $8--Tg1--Tschechien $x01 $9086659812 244Z/01 $2Trx $#Böhmen $#Bohemia $#Czechy $8--Trx--Čechy $x02 $9391188941 244Z/01 $2Trx $#Raudnitz Elbe $8--Trx--Roudnice nad Labem$gLitoměřice $x03 $9391348876 244Z/01 $aGeschichte 1620-1624 $x04 244Z/01 $2Trx $#Lobkowitz, Zdenek Adalbert Popel von $#Popel z Lobkovic, Zdeněk Vojtěch $8--Trx--Lobkovic, Zdeněk Vojtech Popel z$Z1568-1628 $x05 $9391070517 244Z/01 $2Trx $#Pernštejna, Polyxena z $#Rosenberger von Pernstein, Polyxena $#Lobkovic, Polyxena z $#Pernštejna, Polyxena z $#Lobkovická z Pernštejna, Polyxena $#Z Lobkowicz, Polyxena $8--Trx--Lobkovicz, Polyxena von$Z1566-1642 $x06 $9391110055 244Z/01 $2Trx $#Lobkowicz $7119531402 $8--Tp1--$PLobkowitz$lFamilie $x07 $9087871009 244Z/01 $2Trx $8--Trx--Michna z Vacínova, Pavel$Z1589-1667 $x08 $9391107100 244Z/01 $2Trx $8--Trx--$PKarl von Liechtenstein$Z1569-1627 $x09 $9390666785 244Z/01 $2Trx $#aadel üldine $#bajorai bendras $#gentry $#nemesség általános $#szlachta ogólnie $#šľachta všeobecne $#šlechta všeobecně $#Aristokratie $#arystokracja $#aristokracia $#aristokrace $8--Trx--Adel$gallgemein $x10 $9391364162 244Z/01 $amajetek $x11 244Z/01 $akonfiskace majetku $x12 244Z/01 $2Trx $8--Trx--Zeitschriftenaufsatz $x13 $9391384341 247C/01 $82080>Marburg/Lahn, Herder-Institut, Forschungsbibliothek, Bibliographieportal $9336309341
| LEADER | 00000caa a22000002c 4500 | ||
|---|---|---|---|
| 001 | 393481018 | ||
| 003 | DE-603 | ||
| 005 | 20260212174705.0 | ||
| 007 | tu | ||
| 008 | 161112s2005 xx |||| | u00||u|cze c | ||
| 035 | |a (DE-599)HEB393481018 | ||
| 040 | |a DE-603 |b ger |c DE-603 |d DE-603 | ||
| 041 | |a cze | ||
| 084 | |a OST |q DE-12 |2 fid | ||
| 100 | 1 | |a Marek, Pavel | |
| 245 | 0 | 0 | |a Roudničtí Lobkovicové a pobělohorské konfiskace |
| 264 | 0 | |c 2005 | |
| 500 | |a Rés. angl. s. 84-85: Property Confiscations after the White Mountain Battle and the Lobkovic Family of Roudnice | ||
| 600 | 3 | 7 | |a Lobkowitz |c Familie |0 (DE-588)119531402 |0 (DE-603)087871009 |2 gnd |
| 651 | 7 | |a Roudnice nad Labem |0 (DE-588)1037799259 |0 (DE-603)326724885 |2 gnd | |
| 710 | 2 | |a ps-2005-0019921 | |
| 773 | 0 | 8 | |i In |t Porta Bohemica |d Litoměřice : Státní oblastní archiv v Litoměřicích, 2001-2021 |g Band 3 (2005), Seite 72-85 |w (DE-603)110372816 |w (DE-600)2104026-6 |
| 924 | 0 | |9 2080 |a (DE-603)789591456 |b DE-2080 |c HES |d d |g / | |


